000 00393nam a2200181Ia 4500
100 _aWeaver/William Jr/ Timoshenko/S.P
650 _aVibration
250 _a5
942 _cBK
366 _f20
654 _avibration
245 _aVibration problems in Engineering
260 _bWiley
_c1990
082 _a621.8
_bWEA
300 _a610
546 _aENGLISH
_cPAMPHALETS
999 _c35464
_d35464